<?xml version="1.0" encoding="UTF-8"?>
<collection xmlns="http://www.loc.gov/MARC21/slim">
<record>
  <controlfield tag="001">102258</controlfield>
  <controlfield tag="005">20230622083321.0</controlfield>
  <datafield tag="024" ind1="8" ind2=" ">
    <subfield code="2">sideral</subfield>
    <subfield code="a">124427</subfield>
  </datafield>
  <datafield tag="037" ind1=" " ind2=" ">
    <subfield code="a">ART-2021-124427</subfield>
  </datafield>
  <datafield tag="041" ind1=" " ind2=" ">
    <subfield code="a">spa</subfield>
  </datafield>
  <datafield tag="100" ind1=" " ind2=" ">
    <subfield code="a">Oller Marcen, Antonio Miguel</subfield>
    <subfield code="0">(orcid)0000-0002-8191-3199</subfield>
  </datafield>
  <datafield tag="245" ind1=" " ind2=" ">
    <subfield code="a">Fracciones en un manuscrito español del siglo XVII</subfield>
  </datafield>
  <datafield tag="260" ind1=" " ind2=" ">
    <subfield code="c">2021</subfield>
  </datafield>
  <datafield tag="506" ind1="0" ind2=" ">
    <subfield code="a">Access copy available to the general public</subfield>
    <subfield code="f">Unrestricted</subfield>
  </datafield>
  <datafield tag="520" ind1="3" ind2=" ">
    <subfield code="a">En este trabajo analizamos un manuscrito anónimo español fechado en 1670. Este manuscrito, que se encuentra depositado en la Biblioteca Nacional de España, está dedicado en exclusiva a los números fraccionarios. El análisis realizado se organiza en torno a dos ejes. En primer lugar, se aborda un análisis didáctico centrado en aspectos conceptuales, fenomenológicos y representacionales. Adicionalmente, se realiza la comparativa del contenido del manuscrito con algunas importantes obras matemáticas que circulaban en España en la fecha de su escritura. Pensamos que el análisis de este documento nos puede proporcionar información relevante sobre elementos importantes relacionados con la enseñanza efectiva de los números fraccionarios durante ese periodo de la historia de la educación matemática en España

In this work we analyze an anonymous Spanish manuscript dated on 1670. This manuscript, which is deposited in the National Library of Spain, is exclusively devoted to fractional numbers. The analysis that we have carried out is organized around two axes. In the first place, a didactic analysis focused on conceptual, phenomenological and representational aspects is approached. Additionally, the content of the manuscript is compared with some important mathematical books that were circulating in Spain at that time. We think that the analysis of this document can provide us with relevant information about important elements related to the effective teaching of fractional numbers during this period in the history of mathematics education in Spain</subfield>
  </datafield>
  <datafield tag="536" ind1=" " ind2=" ">
    <subfield code="9">info:eu-repo/grantAgreement/ES/DGA/S60-20R</subfield>
  </datafield>
  <datafield tag="540" ind1=" " ind2=" ">
    <subfield code="9">info:eu-repo/semantics/openAccess</subfield>
    <subfield code="a">by-nc-nd</subfield>
    <subfield code="u">http://creativecommons.org/licenses/by-nc-nd/3.0/es/</subfield>
  </datafield>
  <datafield tag="655" ind1=" " ind2="4">
    <subfield code="a">info:eu-repo/semantics/article</subfield>
    <subfield code="v">info:eu-repo/semantics/publishedVersion</subfield>
  </datafield>
  <datafield tag="773" ind1=" " ind2=" ">
    <subfield code="g">7 (2021), 1-20</subfield>
    <subfield code="p">Rev. Hist. Educ. Mat.</subfield>
    <subfield code="t">Revista de História da Educação Matemática</subfield>
    <subfield code="x">2447-6447</subfield>
  </datafield>
  <datafield tag="856" ind1="4" ind2=" ">
    <subfield code="s">637981</subfield>
    <subfield code="u">http://zaguan.unizar.es/record/102258/files/texto_completo.pdf</subfield>
    <subfield code="y">Versión publicada</subfield>
  </datafield>
  <datafield tag="856" ind1="4" ind2=" ">
    <subfield code="s">1596216</subfield>
    <subfield code="u">http://zaguan.unizar.es/record/102258/files/texto_completo.jpg?subformat=icon</subfield>
    <subfield code="x">icon</subfield>
    <subfield code="y">Versión publicada</subfield>
  </datafield>
  <datafield tag="856" ind1="4" ind2="1">
    <subfield code="u">http://www.histemat.com.br/index.php/HISTEMAT/article/view/381</subfield>
    <subfield code="z">Texto completo de la revista</subfield>
  </datafield>
  <datafield tag="909" ind1="C" ind2="O">
    <subfield code="o">oai:zaguan.unizar.es:102258</subfield>
    <subfield code="p">articulos</subfield>
    <subfield code="p">driver</subfield>
  </datafield>
  <datafield tag="951" ind1=" " ind2=" ">
    <subfield code="a">2023-06-21-15:03:00</subfield>
  </datafield>
  <datafield tag="980" ind1=" " ind2=" ">
    <subfield code="a">ARTICLE</subfield>
  </datafield>
</record>
</collection>